| 000 | 00366nam a2200145Ia 4500 | ||
|---|---|---|---|
| 008 | 230524s9999 xx 000 0 und d | ||
| 020 | _a9788131802557 | ||
| 100 | _aR.K.Rajput | ||
| 245 | 0 | _a"A Text Book of Power Plant Engineering, " | |
| 250 | _a4th ed. | ||
| 260 | _bLaxmi Publications | ||
| 500 | _aQuantity Number: 67 | ||
| 650 | _aElectrical | ||
| 942 | _cBK | ||
| 999 |
_c51043 _d51043 |
||